| 000 | 00831nam a22002177a 4500 | ||
|---|---|---|---|
| 999 |
_c7063 _d7063 |
||
| 003 | AR-CdUCM | ||
| 008 | 190319b ||||| |||| 00| 0 spa d | ||
| 040 |
_aMUNICIPALIDAD PROVINCIAL DEL CUSCO _cBIBLIOTECA MUNICIPAL DEL CUSCO |
||
| 082 |
_a631.1 / _bH28 |
||
| 100 |
_aHayes, H.K _919887 |
||
| 245 | _aMetodos Fitotecnicos / | ||
| 260 |
_aMéxico : _bContinental S.A. , _c1955. |
||
| 300 |
_a521 páginas ; _c22.8 cm. |
||
| 505 | _aContenido : Objeto de la Fitotecnia -- La base genetica y citogenetica -- La forma de reproduccion y su relacion con los metodos de mejoramiento -- Metodos Fitotecnicos -- Tecnica de la Autofecundacion... | ||
| 650 |
_aFitotecnia _919888 |
||
| 650 |
_aMetodos Fitotecnicos _919889 |
||
| 650 |
_aAgricultura Aplicada _919890 |
||
| 700 |
_aImme, R.F. _919891 |
||
| 942 |
_2ddc _cLIBROS |
||
| 945 | _artm | ||